Le plus grand ville commençant par W dans ce pays - Statistiques

Statistiques générales
  • Ce quiz a été pris 178 fois
  • Le résultat moyen est 4 sur 8
Statistiques - réponses
Pays W-ville % Correct
Nouvelle-zelande Wellington
99%
États-Unis Washington
92%
Namibie Windhoek
74%
Chine Wuhan
59%
Canada Winnipeg
54%
Allemagne Wuppertal
29%
Australie Wollongong
17%
Japon Wakayama
12%
Aucun quiz correspondant
Distribution des résultats
% des personnes avec chaque résultat
Percentile par nombre de réponses
Votre historique - résultats
Vous n’avez pas pris ce quiz